La valeur de la terre en France (Record no. 44041)

MARC details
000 -LEADER
campo de control de longitud fija 00710nam a2200205 i 4500
001 - NÚMERO DE CONTROL
campo de control 44041
003 - IDENTIFICADOR DE NÚMERO DE CONTROL
campo de control ES-MaACL
005 - FECHA Y HORA DE LA ÚLTIMA TRANSACCIÓN
campo de control 20260210162431.0
007 - CAMPO FIJO DE DESCRIPCIÓN FÍSICA--INFORMACIÓN GENERAL
campo de control de longitud fija t|
008 - DATOS DE LONGITUD FIJA--INFORMACIÓN GENERAL
campo de control de longitud fija 030320s1914 fr ||||1| fre d
100 1# - ENTRADA PRINCIPAL--NOMBRE DE PERSONA
Nombre de persona Caziot, Pierre.
9 (RLIN) 37247
245 13 - MENCIÓN DEL TÍTULO
Título La valeur de la terre en France
Resto del título : descriptions des grandes regions agricoles et viticoles, prix en fermages des biens ruraux /
Mención de responsabilidad, etc. par Pierre Caziot ; prefaze de M. Gaurvain.
260 ## - PUBLICACIÓN, DISTRIBUCIÓN, ETC.
Lugar de publicación, distribución, etc. [S.l. :
Nombre del editor, distribuidor, etc. s.n.,
Fecha de publicación, distribución, etc. 1914] (
Lugar de fabricación/manufactura Corbeil :
Fabricante Cretè)
300 ## - DESCRIPCIÓN FÍSICA
Extensión VIII, 454 p. ;
Dimensiones 19 cm.
490 1# - MENCIÓN DE SERIE
Mención de serie Encyclopédie agricole
700 1# - ENTRADA AGREGADA--NOMBRE PERSONAL
Nombre de persona Gaurvain, M.
9 (RLIN) 56024
830 0# - PUNTO DE ACCESO ADICIONAL DE SERIE-TÍTULO UNIFORME
Título uniforme Encyclopédie agricole
9 (RLIN) 180885
852 ## - LOCALIZACIÓN
Ubicación ES-MaACL
Número de control de estantería D-3657
Holdings
Estatus retirado Estado de pérdida Estado de daño No para préstamo Biblioteca de origen Biblioteca actual Ubicación en estantería Fecha de adquisición Fuente de adquisición Total de préstamos Signatura topográfica completa Código de barras Visto por última vez Precio de reemplazo Tipo de ítem Koha
        Biblioteca del Ateneo de Madrid Biblioteca del Ateneo de Madrid Sala Valle Inclán 17/01/2008     D-3657 901046354 23/02/2023 23/02/2023 Libro impreso